Statická a dynamická analýza výškovej budovy

Salvato in:
Dettagli Bibliografici
Autore principale: Drienovská, Jana (Autore)
Altri autori: Jendželovský, Norbert (Relatore della tesi)
Natura: Manoscritto Libro
Lingua:slovacco
Pubblicazione: 2015
Soggetti:
Accesso online:http://is.stuba.sk/zp/portal_zp.pl?podrobnosti=109427
https://opac.crzp.sk/?fn=detailBiblioForm&sid=E75B5E22D326BA6A98A697CFFF20
Tags: Aggiungi Tag
Nessun Tag, puoi essere il primo ad aggiungerne!!

MARC

LEADER 00000ntm a22000003a 4500
001 stuzp51712
003 SK-STU
005 20231026114241.7
007 ta
008 150427s2015----xo-----f-mn---000-0-slo-d
040 |a STU  |b slo 
041 0 |a slo 
100 1 |a Drienovská, Jana  |u 010250  |4 aut  |U SvF Stavebná fakulta  |T SvF Katedra stavebnej mechaniky  |X 66826  |U V250  |Y 26  |7 A000066826 
242 0 1 |a Static and dynamic analysis of high-rise building  |y eng 
245 1 0 |a Statická a dynamická analýza výškovej budovy 
260 |c 2015 
650 4 |a seizmicita  |2 slo 
650 4 |a výšková budova  |2 slo 
650 4 |a medzné stavy  |2 slo 
650 4 |a high building  |2 eng 
650 4 |a limiting states  |2 eng 
650 4 |a seismicity  |2 eng 
700 1 |a Jendželovský, Norbert  |4 ths  |X 880  |7 A000000880 
856 4 |u http://is.stuba.sk/zp/portal_zp.pl?podrobnosti=109427 
856 4 |u https://opac.crzp.sk/?fn=detailBiblioForm&sid=E75B5E22D326BA6A98A697CFFF20 
SQL |a stuzp51712  |b DDP  |c SLO  |d Statická a dynamická analýza výškovej budovy  |e 66826  |f Drienovská, Jana  |g 010250  |h 880  |i Jendželovský, Norbert  |j 20150616  |k 945  |l 01  |m http://is.stuba.sk/zp/portal_zp.pl?podrobnosti=109427  |n I-NKS  |o 5.1.5. inžinierske konštrukcie a dopravné stavby